Detalles MARC
| 000 -LIDER |
| fixed length control field |
01399nam a22002777a 4500 |
| 001 - NÚMERO DE CONTROL |
| Identificador de número de control |
000762 |
| 003 - IDENTIFICACDOR DE NÚMERO DE CONTROL |
| control field |
DO-SdBNP |
| 005 - DATE AND TIME OF LATEST TRANSACTION |
| control field |
20180214110653.0 |
| 007 - CAMPOS FIJOS DE DESCRIPCIÓN FÍSICA |
| fixed length control field |
000762 |
| 008 - ELEMENTOS DE LONGITUD FIJA |
| fixed length control field |
161129b 2010 uy a ||||| |||| 00| 0 spa d |
| 020 ## - ISBN |
| International Standard Book Number |
9789974686724 |
| 040 ## - FUENTE DE CATALOGACIÓN |
| Agencia que crea de manera original el registro |
BPMSU |
| Idioma de catalogación |
spa |
| Agencia que realiza la transcripción |
BPMSU |
| 082 #4 - NÚMERO DE CLASIFICACIÓN DECIMAL DE DEWEY |
| Classification number |
600 |
| Item number |
A559d |
| 100 1# - ASIENTO PRINCIPAL -- NOMBRE PERSONAL |
| Nombre personal |
Andreis, Claudia |
| 245 10 - MENCIÓN DE TITULO |
| Título |
A descubrir y conocer la magia de la tecnología : |
| Subtítulo |
iniciación al conocimiento tecnológico aplicado / |
| Mención de responsabilidad |
redacción Claudia Andreis. |
| 260 0# - PUBLICACIÓN, DISTRIBUCIÓN, ETC. (PIE DE IMPRENTA) |
| Lugar de publicación, distribución, etc |
Montevideo, Rep. Oriental del Uruguay : |
| Nombre del editor, distribuidor, etc. |
Arquetipo Grupo Editorial, |
| -- |
Lexus, |
| Fecha de publicación, distribución, etc |
2010. |
| 300 ## - DESCRIPCIÓN FÍSICA |
| Extensión |
264 p. : |
| Otros detalles físicos |
il. ; |
| Dimensiones |
27 cm. + |
| Material complementario |
CD-ROM |
| 505 0# - NOTA DE CONTENIDO |
| Título |
Introducción a la tecnología. Antes y ahora -- |
| -- |
La vivienda. Casa para todos -- |
| -- |
La escuela. Un lugar para aprender -- |
| -- |
La alimentación. ¡Saber qué comemos! -- |
| -- |
El transporte. De aquí para allá -- |
| -- |
La vestimenta. ¡A vestirse! -- |
| -- |
La comunicación y la información. ¡De las cuevas a los satélites! -- |
| -- |
El recreación. ¡Qué divertido! -- |
| -- |
La energía y las máquinas. Una buena ayuda -- |
| -- |
El ambiente y el hombre. ¡Protejamos nuestro planeta! -- |
| -- |
Recorrimos juntos un mágico mundo. |
| 650 #4 - ENCABEZAMIENTO DE MATERIA--TEMÁTICO |
| Término temático o nombre geográfico como elemento de entrada |
TECNOLOGÍA |
| 650 #4 - ENCABEZAMIENTO DE MATERIA--TEMÁTICO |
| Término temático o nombre geográfico como elemento de entrada |
COMUNICACIÓN |
| 650 #4 - ENCABEZAMIENTO DE MATERIA--TEMÁTICO |
| Término temático o nombre geográfico como elemento de entrada |
INDUSTRIA TEXTIL |
| 910 ## - VALIDACIÓN |
| Validación |
Validado. Control de calidad MFF |
| 942 ## - ADDED ENTRY ELEMENTS (KOHA) |
| Source of classification or shelving scheme |
Dewey Decimal Classification |
| Koha item type |
Libros |
| 945 ## - INFORMACIÓN DE PROCESAMIENTO LOCAL |
| Información de procesamiento local |
Inventariado, 2018/MFF |
| 956 ## - LOCAL ELECTRONIC LOCATION AND ACCESS (OCLC) |
| Método de acceso |
LOPEREZ |
| Materiales especificados |
10 |
| Enlace |
20161129 |
| Campo enlazado y núm. de secuencia |
BPMSU |
| Nombre de host |
00041 |